00624naa a2200217 a 450000100080000000500110000800800410001910000200006024500780008026000090015865300220016765300150018965300140020465300150021870000180023370000230025170000170027470000220029170000180031377300750033110779272011-07-05 2011 bl uuuu u00u1 u #d1 aFERREIRA, H. H. aInfec????o natural por Listeria monocytogenes em cobaios Cavia porcellus. c2011 aDoen??a de cobaia aListeriose aPneumonia aSepticemia1 aZLOTOWSKI, P.1 aWATANABE, T. T. N.1 aGOMES, D. C.1 aCARDOSO, M. R. I.1 aDRIEMEIER, D. tCi??ncia Rural, Santa Maria, RSgv. 41, n. 4, p. 682-685, abril, 2011.